The legal dictionary for bad spellers / (Record no. 18441)
[ view plain ]
| 000 -LEADER | |
|---|---|
| fixed length control field | 00471cam a2200181 a 4500 |
| 020 ## - INTERNATIONAL STANDARD BOOK NUMBER | |
| ISBN | 0471310689 : |
| 040 ## - CATALOGING SOURCE | |
| Transcribing agency | SLU |
| 082 ## - DEWEY DECIMAL CLASSIFICATION NUMBER | |
| Classification number | 340 JWS 1995 C145 Or. |
| 100 1# - MAIN ENTRY--AUTHOR NAME | |
| Personal name | Kay, Joe |
| 245 14 - TITLE STATEMENT | |
| Title | The legal dictionary for bad spellers / |
| 260 ## - PUBLICATION, DISTRIBUTION, ETC. (IMPRINT) | |
| Place of publication | New York : |
| Name of publisher | J. Wiley & Sons, Inc., |
| Year of publication | c1995 |
| 300 ## - PHYSICAL DESCRIPTION | |
| Number of Pages | ix, 246 p. ; |
| Dimensions | 21 cm |
| 500 ## - GENERAL NOTE | |
| General note | "An Innovation Press book." |
| 650 #0 - SUBJECT ADDED ENTRY--TOPICAL TERM | |
| Topical Term | Law |
| 650 #0 - SUBJECT ADDED ENTRY--TOPICAL TERM | |
| Topical Term | English language |
| 700 1# - ADDED ENTRY--PERSONAL NAME | |
| Personal name | Linfield, Jordan L |
| 942 ## - ADDED ENTRY ELEMENTS (KOHA) | |
| Koha item type | ADB |
| 952 ## - LOCATION AND ITEM INFORMATION (KOHA) | |
| Withdrawn status [LOCAL, KOHA] | 0 |
| Source of acquisition | Permanent Location | Date acquired | Koha item type | Lost status | Shelving location | Current Location | Full call number |
|---|---|---|---|---|---|---|---|
| A39658 | Library Block C | 2019-12-02 | សៀវភៅភាសាអង់គ្លេស | C145 | Library Block C | 340 JWS 1995 C145 Or. |